[Event "XX Festival A"]
[Site "Arco ITA"]
[Date "1998.10.??"]
[Round "3"]
[White "Slobodjan, Roman"]
[Black "Pipitone, Antonio"]
[Result "1-0"]
[WhiteElo "2575"]
[BlackElo "2035"]
[PlyCount "49"]
[EventDate "1998.10.24"]

1. e4 c5 2. Nf3 d6 3. d4 cxd4 4. Nxd4 Nf6 5. Nc3 Nc6 6. Bg5 e6 7. Qd2 a6 8.
O-O-O h6 9. Be3 Bd7 10. f4 Qc7 11. Bd3 Be7 12. h3 Nxd4 13. Bxd4 e5 14. Be3 exf4
15. Bxf4 Bc6 16. Rhe1 Nh5 17. Be3 O-O-O 18. g4 Nf6 19. Qf2 Rdf8 20. Bb6 Qb8 21.
Nd5 Nxd5 22. exd5 Bg5+ 23. Kb1 Bd7 24. Re4 Qa8 25. Rc4+ 1-0

[Event "XX Festival A"]
[Site "Arco ITA"]
[Date "1998.10.??"]
[Round "3"]
[White "Wagman, Stuart"]
[Black "Ruzzier, Dario"]
[Result "1-0"]
[WhiteElo "2170"]
[BlackElo "2090"]
[PlyCount "20"]
[EventDate "1998.10.24"]

1. e4 e5 2. Nf3 Nf6 3. Nc3 Bb4 4. Nxe5 O-O 5. Nd3 Ba5 6. e5 Re8 7. b4 Bxb4 8.
Nxb4 Rxe5+ 9. Be2 d5 10. d4 Re8 1-0

[Event "XX Festival A"]
[Site "Arco ITA"]
[Date "1998.10.??"]
[Round "4"]
[White "Carli, Carlo"]
[Black "Blum, Gernot"]
[Result "0-1"]
[WhiteElo "1976"]
[BlackElo "2135"]
[PlyCount "66"]
[EventDate "1998.10.24"]

1. e4 c5 2. Nf3 e6 3. d4 cxd4 4. Nxd4 a6 5. Bd3 Qb6 6. Nb3 Nc6 7. O-O Nf6 8.
N1d2 d5 9. exd5 Nxd5 10. Nc4 Qc7 11. a4 b6 12. Be4 Nf6 13. Bf3 Bb7 14. Be3 Nd7
15. a5 b5 16. Nb6 Rd8 17. Qe2 Be7 18. Nxd7 Rxd7 19. c4 bxc4 20. Nd2 Nd4 21.
Bxd4 Rxd4 22. Bxb7 Qxb7 23. Nxc4 Qb5 24. Rfc1 O-O 25. Qc2 Bg5 26. Na3 Qxa5 27.
Rd1 Rfd8 28. Rxd4 Rxd4 29. Rd1 g6 30. h3 Bf6 31. Rxd4 Qe1+ 32. Kh2 Bxd4 33. Kg3
Qe5+ 0-1

[Event "XX Festival A"]
[Site "Arco ITA"]
[Date "1998.10.??"]
[Round "4"]
[White "Casagrande, Fabio"]
[Black "Prelati, Maurizio"]
[Result "0-1"]
[WhiteElo "2050"]
[BlackElo "2140"]
[PlyCount "48"]
[EventDate "1998.10.24"]

1. e4 c5 2. c3 d5 3. exd5 Qxd5 4. d4 cxd4 5. cxd4 Nc6 6. Nf3 e5 7. dxe5 Qxd1+
8. Kxd1 Bg4 9. Bf4 O-O-O+ 10. Nbd2 Bb4 11. Rc1 Nge7 12. a3 Bxd2 13. Bxd2 Kb8
14. Ke1 Ng6 15. Bb5 Bxf3 16. gxf3 Ncxe5 17. Be2 Rhe8 18. Be3 Nh4 19. Kf1 Nexf3
20. Bf4+ Ka8 21. Bxf3 Nxf3 22. Kg2 Nd4 23. Rc7 f5 24. Rxg7 Ne6 0-1

[Event "XX Festival A"]
[Site "Arco ITA"]
[Date "1998.10.??"]
[Round "4"]
[White "Cucinella, Vincenzo"]
[Black "Schumacher, Helmut"]
[Result "1/2-1/2"]
[WhiteElo "2175"]
[BlackElo "2185"]
[PlyCount "129"]
[EventDate "1998.10.24"]

1. Nf3 d5 2. g3 c6 3. Bg2 Bf5 4. d3 Nf6 5. O-O h6 6. b3 e6 7. Bb2 Be7 8. Nbd2
O-O 9. Qe1 Bh7 10. e4 a5 11. a3 Nbd7 12. Qe2 c5 13. a4 Ne8 14. Ne1 Nc7 15. f4
Bf6 16. e5 Be7 17. Kh1 f6 18. Nef3 f5 19. Ng1 Qe8 20. c4 Ra6 21. Rae1 Rb6 22.
Bc3 Ra6 23. Nb1 Kh8 24. Na3 Bg8 25. Nb5 Nxb5 26. axb5 Ra7 27. Ra1 b6 28. g4 d4
29. Bd2 Bh7 30. h3 Rg8 31. Bf3 Bd8 32. Rf2 Nf8 33. Rg2 Qf7 34. Bc6 Nd7 35. Bf3
Nf8 36. Rh2 Nd7 37. h4 fxg4 38. Bxg4 Bf5 39. Bh5 g6 40. Bf3 Qh7 41. Nh3 Rg7 42.
Nf2 Be7 43. Ne4 Qg8 44. Ng3 Nf8 45. Ne4 Nd7 46. Kg1 Qd8 47. Qf2 Nf8 48. Kf1 Nh7
49. Ke2 Rc7 50. Kd1 Rc8 51. Kc2 Qc7 52. Kb2 Rcg8 53. Qe2 Qd8 54. Rah1 Qc7 55.
Nf2 Rf7 56. Ng4 Bf8 57. h5 g5 58. fxg5 Nxg5 59. Bxg5 Rxg5 60. Nf6 Bg7 61. Ne4
Bxe4 62. Qxe4 Rxe5 63. Qg4 Rg5 64. Qe4 Re5 65. Qg4 1/2-1/2

[Event "XX Festival A"]
[Site "Arco ITA"]
[Date "1998.10.??"]
[Round "4"]
[White "Dalponte, Dino"]
[Black "Zinani, Alessandro"]
[Result "1/2-1/2"]
[WhiteElo "2180"]
[BlackElo "2145"]
[PlyCount "74"]
[EventDate "1998.10.24"]

1. d4 d5 2. c3 Nf6 3. Nf3 g6 4. Bg5 Bg7 5. Nbd2 O-O 6. h3 Bf5 7. e3 Nbd7 8. Nh4
Be6 9. Bd3 h6 10. Bxf6 Bxf6 11. Nhf3 c5 12. Qe2 Qb6 13. Rb1 Bg7 14. O-O f5 15.
Nh4 Bf7 16. f4 Nf6 17. Kh2 Ne4 18. Ndf3 Qf6 19. g3 g5 20. Ng2 Bh5 21. Qe1 Bxf3
22. Rxf3 Rac8 23. Rf1 Qg6 24. Rd1 Rc6 25. Bxe4 fxe4 26. Qe2 Rcf6 27. Rf2 e6 28.
Rdf1 R8f7 29. Qg4 Qf5 30. Qd1 Qg6 31. Qa4 a6 32. Qd1 Bf8 33. Qg4 Bd6 34. h4
gxf4 35. Qxg6+ Rxg6 36. Nxf4 Bxf4 37. Rxf4 Rxf4 1/2-1/2

[Event "XX Festival A"]
[Site "Arco ITA"]
[Date "1998.10.??"]
[Round "4"]
[White "Di Lazzaro, Gabriele"]
[Black "Schweiger, Georg"]
[Result "0-1"]
[WhiteElo "2005"]
[BlackElo "2220"]
[PlyCount "118"]
[EventDate "1998.10.24"]

1. Nf3 d5 2. g3 Nc6 3. d4 Bg4 4. Nbd2 Nf6 5. h3 Bh5 6. c3 Qd7 7. b4 a6 8. a4 e6
9. Nh4 Bg6 10. Nxg6 hxg6 11. Bg2 Bd6 12. Qc2 e5 13. dxe5 Bxe5 14. Bb2 O-O 15.
Nb3 Qf5 16. Qxf5 gxf5 17. O-O-O Ne7 18. Nc5 b5 19. a5 Bd6 20. Nb7 Ne4 21. Bxe4
fxe4 22. Nxd6 cxd6 23. Kc2 Rac8 24. Kb3 Rc4 25. Rd2 f5 26. e3 Kf7 27. g4 Ke6
28. gxf5+ Nxf5 29. Rhd1 Ne7 30. Rg1 g6 31. Kc2 Rf6 32. Kd1 Nc6 33. Ke2 Ne5 34.
Rg2 Nd3 35. Ba1 Kf7 36. Rd1 Ke6 37. Rdg1 Ne5 38. Rg3 Nf3 39. R1g2 g5 40. Rg4
Rh6 41. R4g3 Kf5 42. Bb2 Rh5 43. Ba1 Rc7 44. Bb2 Rch7 45. c4 dxc4 46. Rxf3+
exf3+ 47. Kxf3 Rxh3+ 48. Ke2 d5 49. Bd4 g4 50. Bc5 Rh1 51. Bd6 Rb1 52. Kd2 Rhh1
53. Kc3 Rbd1 54. Bc5 Rdg1 55. Rxg1 Rxg1 56. f3 Rg2 57. fxg4+ Ke4 58. g5 Rxg5
59. Kd2 Rg2+ 0-1

[Event "XX Festival A"]
[Site "Arco ITA"]
[Date "1998.10.??"]
[Round "4"]
[White "Frank, Albert"]
[Black "Lovati, Paolo"]
[Result "1/2-1/2"]
[WhiteElo "2020"]
[BlackElo "2050"]
[PlyCount "39"]
[EventDate "1998.10.24"]

1. e4 d6 2. d4 Nf6 3. Bd3 e5 4. Nf3 Bg4 5. c3 Nbd7 6. Be3 Be7 7. Nbd2 O-O 8. h3
Bxf3 9. Qxf3 c5 10. d5 Ne8 11. O-O Rb8 12. a4 Bg5 13. Nc4 Bxe3 14. Nxe3 g6 15.
Bb5 a6 16. Bxd7 Qxd7 17. Qg4 Qxg4 18. hxg4 Nf6 19. f3 b6 20. g3 1/2-1/2

[Event "XX Festival A"]
[Site "Arco ITA"]
[Date "1998.10.??"]
[Round "4"]
[White "Khenkin, Igor"]
[Black "Slobodjan, Roman"]
[Result "1-0"]
[WhiteElo "2600"]
[BlackElo "2575"]
[PlyCount "107"]
[EventDate "1998.10.24"]

1. d4 d5 2. c4 c6 3. Nf3 Nf6 4. Nc3 e6 5. Bg5 h6 6. Bh4 Be7 7. e3 O-O 8. Qc2 b6
9. Bd3 Ba6 10. cxd5 cxd5 11. Bxa6 Nxa6 12. a3 Ne8 13. Bg3 Bd6 14. Rc1 Qd7 15.
Qd3 Nb8 16. Ne5 Bxe5 17. dxe5 Nc7 18. O-O Rc8 19. f4 Nc6 20. e4 Qd8 21. f5 dxe4
22. Qxd8+ Nxd8 23. Nxe4 Nd5 24. f6 gxf6 25. Nxf6+ Nxf6 26. exf6 Nb7 27. Be5
Rxc1 28. Rxc1 Nc5 29. Rd1 a5 30. Kf2 Kh7 31. Kf3 a4 32. g4 Ra7 33. h4 Rd7 34.
Rxd7 Nxd7 35. Bc3 Kg6 36. Kf4 h5 37. g5 b5 38. Bb4 Nb6 39. Ke4 Nc4 40. Bc3 Nd6+
41. Ke5 Nf5 42. Be1 Ne3 43. Kd6 Nc4+ 44. Kc5 Nxb2 45. Kxb5 Nd3 46. Bc3 Nf4 47.
Bd4 Kf5 48. Kxa4 e5 49. Bf2 e4 50. Kb5 Ng2 51. a4 e3 52. Bxe3 Nxh4 53. a5 Ng2
54. Bg1 1-0

[Event "XX Festival A"]
[Site "Arco ITA"]
[Date "1998.10.??"]
[Round "4"]
[White "Kloster, Josef"]
[Black "Ricci, Alfredo"]
[Result "1-0"]
[WhiteElo "2165"]
[BlackElo "1962"]
[PlyCount "117"]
[EventDate "1998.10.24"]

1. e4 c5 2. Nf3 d6 3. d4 cxd4 4. Nxd4 Nf6 5. Nc3 a6 6. Bg5 b5 7. a3 Bb7 8. Bxf6
gxf6 9. g3 Nd7 10. Bg2 e6 11. Qh5 Qe7 12. O-O O-O-O 13. a4 b4 14. Na2 Nb8 15.
Rfe1 d5 16. exd5 Bxd5 17. Bxd5 Rxd5 18. Qxd5 exd5 19. Rxe7 Bxe7 20. Re1 Kd7 21.
Nc1 Rc8 22. Nd3 Bd6 23. Re2 Nc6 24. Nxc6 Rxc6 25. Kf1 Bf8 26. Ke1 Re6 27. Nf4
Rxe2+ 28. Kxe2 Kc6 29. Nd3 Bd6 30. Ke3 a5 31. h3 f5 32. Kd4 f6 33. b3 Bc7 34.
Ke3 Kd6 35. Kf3 Ke6 36. Ke3 Bb6+ 37. Kf3 Ba7 38. Ke2 Kd6 39. Kf3 Bd4 40. g4 Ke6
41. Kg3 Bb6 42. Kh4 fxg4 43. Kxg4 Bd4 44. Kh5 Kf5 45. Kh6 Ke4 46. Kxh7 Kf3 47.
Kg6 f5 48. Kxf5 Bh8 49. h4 Ke2 50. Ke6 d4 51. Nxb4 axb4 52. a5 d3 53. cxd3 Kxd3
54. a6 Bd4 55. f4 Kc3 56. Kd5 Be3 57. f5 Kxb3 58. f6 Kc2 59. f7 1-0

[Event "XX Festival A"]
[Site "Arco ITA"]
[Date "1998.10.??"]
[Round "4"]
[White "Korte, Markus"]
[Black "Siegmund, Rainer"]
[Result "1-0"]
[WhiteElo "2220"]
[BlackElo "2130"]
[PlyCount "73"]
[EventDate "1998.10.24"]

1. e4 c5 2. Nf3 Nc6 3. d4 cxd4 4. Nxd4 Nf6 5. Nc3 e5 6. Ndb5 d6 7. Bg5 a6 8.
Na3 b5 9. Nd5 Be7 10. Bxf6 Bxf6 11. c3 Bg5 12. Nc2 O-O 13. a4 bxa4 14. Rxa4 a5
15. Bc4 Rb8 16. Ra2 g6 17. O-O Kh8 18. b4 axb4 19. cxb4 Be6 20. b5 Ne7 21. Ncb4
Bxd5 22. Nxd5 f5 23. Ra7 fxe4 24. Nxe7 Bxe7 25. Qd5 Bg5 26. Qxe4 Qc8 27. Bd3
Rf6 28. h4 Bd2 29. h5 Qc5 30. Rd7 Qd4 31. hxg6 hxg6 32. Qe2 Qf4 33. Ra1 Qh6 34.
Raa7 Bb4 35. Qe3 Qh5 36. Qg5 Bc5 37. Qxf6+ 1-0

[Event "XX Festival A"]
[Site "Arco ITA"]
[Date "1998.10.??"]
[Round "4"]
[White "Lantini, Marco"]
[Black "Wagman, Stuart"]
[Result "1-0"]
[WhiteElo "2145"]
[BlackElo "2170"]
[PlyCount "63"]
[EventDate "1998.10.24"]

1. e4 e5 2. Nf3 Nc6 3. d4 exd4 4. Nxd4 Nf6 5. Nxc6 bxc6 6. e5 Qe7 7. Qe2 Nd5 8.
c4 Nb6 9. g3 Qe6 10. Nd2 Be7 11. Bg2 O-O 12. b3 f6 13. Bb2 fxe5 14. O-O Bb7 15.
Qxe5 Qxe5 16. Bxe5 d6 17. Bc3 Rae8 18. Rae1 d5 19. f4 Bc5+ 20. Kh1 Be3 21. Nf3
dxc4 22. Ne5 Nd5 23. bxc4 Nxc3 24. Rxe3 Nxa2 25. Rb3 Ba8 26. Ra1 Rb8 27. Ra3
Nb4 28. Rxa7 Rbd8 29. Rxc7 Nc2 30. Rc1 Rd2 31. Nd7 Re8 32. Ne5 1-0

[Event "XX Festival A"]
[Site "Arco ITA"]
[Date "1998.10.??"]
[Round "4"]
[White "Lanzani, Mario"]
[Black "Ricci, Marco"]
[Result "1-0"]
[WhiteElo "2395"]
[BlackElo "2190"]
[PlyCount "64"]
[EventDate "1998.10.24"]

1. e4 e6 2. d4 d5 3. Nc3 Nf6 4. Bg5 Be7 5. e5 Nfd7 6. Bxe7 Qxe7 7. f4 O-O 8.
Nf3 c5 9. dxc5 Qxc5 10. Bd3 Qe3+ 11. Ne2 Nc5 12. Qd2 Qxd2+ 13. Kxd2 b6 14. h4
Ba6 15. Ned4 Rd8 16. h5 h6 17. g4 Nbd7 18. b4 Ne4+ 19. Ke3 Bb7 20. Rhg1 Rac8
21. g5 hxg5 22. Nxg5 Nf8 23. Rg2 Nh7 24. Ngf3 Kh8 25. Rag1 Rg8 26. Nh4 Nf8 27.
Ng6+ Kh7 28. Ne7 g6 29. Nxg8 Kxg8 30. hxg6 fxg6 31. c4 Kg7 32. f5 exf5 1-0

[Event "XX Festival A"]
[Site "Arco ITA"]
[Date "1998.10.??"]
[Round "4"]
[White "Luciani, Carlo"]
[Black "Minerva, Enzo"]
[Result "1-0"]
[WhiteElo "2240"]
[BlackElo "2135"]
[PlyCount "125"]
[EventDate "1998.10.24"]

1. e4 d5 2. exd5 Nf6 3. Bb5+ Bd7 4. Bc4 Bg4 5. f3 Bf5 6. Nc3 Nbd7 7. Qe2 Nb6 8.
d4 Nfxd5 9. Bxd5 Nxd5 10. Qb5+ c6 11. Qxb7 Qc8 12. Qxc8+ Rxc8 13. Ne4 Nb4 14.
Kd1 Rd8 15. c3 Nd3 16. Ke2 Nxc1+ 17. Rxc1 Bc8 18. f4 e6 19. Nf3 f6 20. Rhe1 Kf7
21. Kf2 Be7 22. Re3 a5 23. c4 Ba6 24. c5 Rb8 25. Rc2 Rb5 26. b3 Rb4 27. Rec3
Rhb8 28. Ke3 a4 29. Ned2 axb3 30. Rxb3 Rxb3+ 31. axb3 Ra8 32. Ra2 Bb7 33. Rxa8
Bxa8 34. Nc4 Ke8 35. Nfd2 Bd8 36. Ne4 Ke7 37. Ned6 g6 38. Nc8+ Ke8 39. N4b6
Bxb6 40. cxb6 Kd7 41. Na7 Bb7 42. Kd3 Kd6 43. b4 Kd5 44. g3 g5 45. fxg5 fxg5
46. Kc3 h5 47. Kd3 h4 48. b5 cxb5 49. Nxb5 Kc6 50. Nc7 Bc8 51. Ke4 Kxb6 52. Ne8
hxg3 53. hxg3 Kc6 54. Ke5 Kd7 55. Nf6+ Ke7 56. Ne4 g4 57. Nf2 Ba6 58. Nxg4 Bd3
59. Ne3 Bg6 60. g4 Bd3 61. Ng2 Bc2 62. g5 Kf7 63. Nf4 1-0

[Event "XX Festival A"]
[Site "Arco ITA"]
[Date "1998.10.??"]
[Round "4"]
[White "Ortega, Lexy"]
[Black "Cacho Reigadas, Sergio"]
[Result "1-0"]
[WhiteElo "2490"]
[BlackElo "2425"]
[PlyCount "83"]
[EventDate "1998.10.24"]

1. d4 Nf6 2. Nf3 c5 3. c3 cxd4 4. cxd4 d5 5. Nc3 Nc6 6. Bf4 Bf5 7. e3 e6 8. Bb5
Rc8 9. Ne5 Bd6 10. Bxc6+ bxc6 11. O-O O-O 12. Rc1 Bxe5 13. Bxe5 Nd7 14. Na4
Nxe5 15. dxe5 Qg5 16. Qd2 f6 17. f4 Qg6 18. Nc5 fxe5 19. Nd7 exf4 20. Nxf8 Kxf8
21. Qb4+ Kg8 22. Rxc6 Rxc6 23. Qb8+ Kf7 24. Qb7+ Kf6 25. Qxc6 fxe3 26. Qc3+ Kf7
27. Qxe3 h6 28. Qxa7+ Kg8 29. Qb8+ Kh7 30. Qe5 Qg4 31. h3 Qc4 32. Rf3 Qxa2 33.
Ra3 Qb1+ 34. Kh2 Qc1 35. Ra7 Qg5 36. b4 Qg6 37. b5 Be4 38. Qg3 d4 39. Qxg6+
Kxg6 40. b6 d3 41. b7 d2 42. b8=Q 1-0

[Event "XX Festival A"]
[Site "Arco ITA"]
[Date "1998.10.??"]
[Round "4"]
[White "Pipitone, Antonio"]
[Black "Ptaschinski, Dirk"]
[Result "0-1"]
[WhiteElo "2035"]
[BlackElo "2205"]
[PlyCount "54"]
[EventDate "1998.10.24"]

1. e4 c5 2. Nf3 Nc6 3. d4 cxd4 4. Nxd4 Nf6 5. Nc3 e5 6. Ndb5 d6 7. Bg5 a6 8.
Bxf6 gxf6 9. Na3 b5 10. Nd5 f5 11. exf5 Bxf5 12. c3 Bg7 13. Nc2 Be6 14. Nce3
Ne7 15. a4 Nxd5 16. Nxd5 O-O 17. axb5 axb5 18. Rxa8 Qxa8 19. Ne3 d5 20. g3 d4
21. Bg2 Qa2 22. cxd4 exd4 23. Nc2 Bc4 24. Qa1 Re8+ 25. Kd1 Qb3 26. Kc1 d3 27.
Na3 d2+ 0-1

[Event "XX Festival A"]
[Site "Arco ITA"]
[Date "1998.10.??"]
[Round "4"]
[White "Rossi, Carlo"]
[Black "Garbisu De Goni, Unai"]
[Result "1/2-1/2"]
[WhiteElo "2355"]
[BlackElo "2395"]
[PlyCount "47"]
[EventDate "1998.10.24"]

1. e4 e5 2. Nf3 Nc6 3. Be2 Nf6 4. d3 d5 5. Nbd2 g6 6. O-O Bg7 7. c3 O-O 8. b4
a6 9. Re1 Re8 10. Bf1 h6 11. Bb2 Be6 12. a3 dxe4 13. dxe4 Nh7 14. Qc2 Ng5 15.
Rad1 Nxf3+ 16. Nxf3 Qe7 17. Nd2 a5 18. Nc4 axb4 19. axb4 Na7 20. Ne3 c6 21. Ra1
Nb5 22. Nd5 cxd5 23. Bxb5 Rxa1 24. Rxa1 1/2-1/2

[Event "XX Festival A"]
[Site "Arco ITA"]
[Date "1998.10.??"]
[Round "4"]
[White "Rotstein, Arkadij"]
[Black "Rahls, Peter"]
[Result "1-0"]
[WhiteElo "2515"]
[BlackElo "2205"]
[PlyCount "31"]
[EventDate "1998.10.24"]

1. c4 e5 2. g3 c6 3. d4 exd4 4. Qxd4 d5 5. Bg2 dxc4 6. Qxd8+ Kxd8 7. Nf3 Bd6 8.
O-O f6 9. Rd1 Kc7 10. Nbd2 b5 11. Ne4 Be7 12. Bf4+ Kb7 13. Nd4 a6 14. a4 Kb6
15. axb5 cxb5 16. Nxb5 1-0

[Event "XX Festival A"]
[Site "Arco ITA"]
[Date "1998.10.??"]
[Round "4"]
[White "Schiappacasse, Marcello"]
[Black "Crea, Vincenzo"]
[Result "0-1"]
[WhiteElo "2095"]
[BlackElo "2115"]
[PlyCount "82"]
[EventDate "1998.10.24"]

1. e4 e6 2. d4 d5 3. Nc3 dxe4 4. Nxe4 Qd5 5. Nc3 Bb4 6. Nf3 Nf6 7. Bd2 Bxc3 8.
bxc3 Ne4 9. Bd3 Nxd2 10. Qxd2 c5 11. O-O Nc6 12. Rfe1 O-O 13. Ne5 cxd4 14. Be4
Qxe5 15. Bxh7+ Kxh7 16. Rxe5 Nxe5 17. cxd4 Ng6 18. Qg5 Bd7 19. h4 Bc6 20. f3
Rfd8 21. h5 Nf8 22. h6 Ng6 23. hxg7 Rd5 24. Qe3 Rad8 25. c3 Kxg7 26. Kf2 Rh8
27. Rg1 Ra5 28. Qd2 Rf5 29. Qb2 Nf4 30. Ke3 Rh2 31. c4 Kf8 32. Qf2 Rxg2 33.
Rxg2 Nxg2+ 34. Qxg2 Rxf3+ 35. Qxf3 Bxf3 36. Kxf3 Ke7 37. Kf4 Kd6 38. a3 f6 39.
Ke4 b6 40. a4 a6 41. Ke3 e5 0-1

[Event "XX Festival A"]
[Site "Arco ITA"]
[Date "1998.10.??"]
[Round "4"]
[White "Tatai, Stefano"]
[Black "Naumkin, Igor"]
[Result "0-1"]
[WhiteElo "2395"]
[BlackElo "2475"]
[PlyCount "81"]
[EventDate "1998.10.24"]

1. d4 e6 2. c4 f5 3. g3 Nf6 4. Bg2 Be7 5. Nf3 O-O 6. O-O d6 7. Nc3 a5 8. b3 Qe8
9. Bb2 Qh5 10. e3 Na6 11. Qe2 Bd7 12. Nd2 Qh6 13. Bxb7 Ng4 14. f4 Ra7 15. Bf3
e5 16. Nd5 Bd8 17. e4 exf4 18. Bxg4 fxg4 19. Rxf4 Rxf4 20. Nxf4 Nb4 21. a3 Nc6
22. Rf1 Ra8 23. e5 dxe5 24. dxe5 Be7 25. Ne4 Re8 26. Nd5 Bd8 27. Nc5 Bc8 28. b4
axb4 29. axb4 Qh5 30. Nd3 h6 31. b5 Ne7 32. N3f4 Qg5 33. Qe4 c6 34. Nxe7+ Qxe7
35. Qxc6 Bb7 36. Qg6 Qc5+ 37. Rf2 Re7 38. Ne6 Qb6 39. Nf4 Qe3 40. Ng2 Bxg2 41.
Qf5 0-1

[Event "XX Festival A"]
[Site "Arco ITA"]
[Date "1998.10.??"]
[Round "5"]
[White "Cacho Reigadas, Sergio"]
[Black "Rotstein, Arkadij"]
[Result "1-0"]
[WhiteElo "2425"]
[BlackElo "2515"]
[PlyCount "77"]
[EventDate "1998.10.24"]

1. Nf3 c5 2. c4 Nf6 3. g3 Nc6 4. Bg2 d5 5. cxd5 Nxd5 6. Nc3 Nc7 7. Qa4 Bd7 8.
Qe4 g6 9. Ne5 Bg7 10. Nxd7 Qxd7 11. d3 O-O 12. Be3 Nd4 13. Rc1 b6 14. O-O f5
15. Qh4 Rae8 16. Bh6 e5 17. e3 Bxh6 18. Qxh6 Nde6 19. Rfd1 Rd8 20. Qh4 b5 21.
g4 g5 22. Qh6 f4 23. Ne4 Qe7 24. b4 Nd5 25. Nxc5 Rf6 26. Qh5 fxe3 27. fxe3 Nxe3
28. Rd2 Nxg2 29. Nxe6 Rxe6 30. Kxg2 Rg6 31. Rc5 Rf8 32. Rf2 Qb7+ 33. Kg1 Rxf2
34. Kxf2 Rf6+ 35. Kg1 Kg7 36. Qh3 Qf7 37. Qe3 Qxa2 38. Qxg5+ Rg6 39. Rc7+ 1-0

[Event "XX Festival A"]
[Site "Arco ITA"]
[Date "1998.10.??"]
[Round "5"]
[White "Crea, Vincenzo"]
[Black "Mahn, Franko"]
[Result "0-1"]
[WhiteElo "2115"]
[BlackElo "2205"]
[PlyCount "90"]
[EventDate "1998.10.24"]

1. d4 Nf6 2. Nf3 c5 3. c3 e6 4. Bf4 b6 5. e3 Bb7 6. Bd3 Be7 7. Nbd2 d5 8. Ne5
O-O 9. Qf3 Nbd7 10. Qh3 g6 11. Rd1 Ne4 12. Nxe4 dxe4 13. Bb5 Nxe5 14. dxe5 Qb8
15. Rd7 Re8 16. Rxe7 Rxe7 17. Qh4 Rc7 18. O-O Qd8 19. Bg5 f6 20. Bxf6 Qd5 21.
Qg5 c4 22. Ba4 b5 23. Bc2 Rd7 24. h4 Rf8 25. Rd1 Qc6 26. Rxd7 Qxd7 27. h5 Kf7
28. hxg6+ hxg6 29. Qh4 Ke8 30. Qh6 Rg8 31. g3 Bd5 32. Qh4 Qb7 33. a4 a6 34.
axb5 axb5 35. Qg4 Kf8 36. Qd1 Qb6 37. Qa1 Kf7 38. Qa3 Re8 39. Qb4 Kg8 40. Ba4
Rb8 41. Bd1 Rb7 42. Bg4 Rh7 43. Qa3 Qa7 44. Qxa7 Rxa7 45. f3 Kf7 0-1

[Event "XX Festival A"]
[Site "Arco ITA"]
[Date "1998.10.??"]
[Round "5"]
[White "Dalponte, Dino"]
[Black "Casagrande, Fabio"]
[Result "1-0"]
[WhiteElo "2180"]
[BlackElo "2050"]
[PlyCount "91"]
[EventDate "1998.10.24"]

1. d4 Nf6 2. c3 e6 3. Bg5 Be7 4. Nd2 d5 5. e3 Nbd7 6. f4 h6 7. Bh4 Ne4 8. Bxe7
Qxe7 9. Nxe4 dxe4 10. Nh3 Nb6 11. Nf2 f5 12. a3 Nd5 13. Qd2 Bd7 14. Bc4 O-O-O
15. Bxd5 exd5 16. b3 g5 17. Nh3 Bb5 18. a4 Bd3 19. O-O-O g4 20. Nf2 Qa3+ 21.
Qb2 Qxb2+ 22. Kxb2 Ba6 23. Rc1 Rhg8 24. g3 h5 25. c4 dxc4 26. bxc4 Rg6 27. Nd1
Rb6+ 28. Kc3 c5 29. d5 Rb4 30. Nb2 Rd6 31. a5 b6 32. Ra1 bxa5 33. Rxa5 Rdb6 34.
Rxc5+ Kd7 35. Rb5 R4xb5 36. cxb5 Bxb5 37. Nc4 Bxc4 38. Kxc4 Kd6 39. Ra1 a6 40.
Ra5 Kd7 41. Kc5 Kc7 42. Kd4 Rb2 43. Rxa6 Rxh2 44. Ke5 h4 45. gxh4 g3 46. Ra7+
1-0

[Event "XX Festival A"]
[Site "Arco ITA"]
[Date "1998.10.??"]
[Round "5"]
[White "Di Lazzaro, Gabriele"]
[Black "Cucinella, Vincenzo"]
[Result "0-1"]
[WhiteElo "2005"]
[BlackElo "2175"]
[PlyCount "114"]
[EventDate "1998.10.24"]

1. e4 c5 2. c3 d6 3. d4 Nf6 4. Bd3 cxd4 5. cxd4 Nc6 6. d5 Ne5 7. Ne2 g6 8. O-O
Bg7 9. Nbc3 O-O 10. Be3 Nxd3 11. Qxd3 Ng4 12. Bd4 Ne5 13. Qg3 Ng4 14. Bxg7 Kxg7
15. h3 Nf6 16. Rfd1 Qb6 17. b3 Bd7 18. Kh2 Rac8 19. f4 Ng8 20. Rac1 Rc5 21. e5
Nh6 22. Nd4 Nf5 23. Nxf5+ Bxf5 24. Na4 Rxc1 25. Rxc1 Qb5 26. exd6 exd6 27. Qc3+
Kg8 28. Qd2 Re8 29. Nc3 Qb4 30. g3 Rc8 31. Kg1 h5 32. h4 Qb6+ 33. Qf2 Qa5 34.
Qe3 b5 35. Kf2 b4 36. Ne2 Rxc1 37. Nxc1 Qxd5 38. Qxa7 Qd2+ 39. Ne2 Bg4 40. Qa8+
Kg7 41. Qa6 Qc2 42. Ke3 Qc5+ 43. Kd2 Qf2 44. Qd3 Bxe2 45. Qxe2 Qxg3 46. Qc4
Qxh4 47. Qxb4 Qf2+ 48. Kd3 Qf3+ 49. Kd2 Qf2+ 50. Kd3 h4 51. Qxd6 h3 52. Qe5+
Kh7 53. Qf6 Kg8 54. Qc6 h2 55. Qc8+ Kg7 56. Qh3 Qg1 57. Qc8 h1=Q 0-1

[Event "XX Festival A"]
[Site "Arco ITA"]
[Date "1998.10.??"]
[Round "5"]
[White "Garbisu De Goni, Unai"]
[Black "Korte, Markus"]
[Result "1-0"]
[WhiteElo "2395"]
[BlackElo "2220"]
[PlyCount "67"]
[EventDate "1998.10.24"]

1. e4 d5 2. exd5 Qxd5 3. Nc3 Qa5 4. d4 c6 5. Nf3 Nf6 6. Bd2 Bf5 7. Bc4 e6 8.
Qe2 Bb4 9. a3 O-O 10. O-O Bxc3 11. Bxc3 Qc7 12. Rac1 Nbd7 13. Bd2 Nb6 14. Ba2
Nbd5 15. Ne5 Ne4 16. Be1 h6 17. c4 Ne7 18. f3 Nf6 19. Bh4 Ne8 20. g4 Bh7 21. d5
f6 22. Nd3 exd5 23. cxd5 Kh8 24. Bg3 Qd8 25. Nc5 Nxd5 26. Ne6 Qe7 27. Rfe1 Rg8
28. Bxd5 cxd5 29. Ng5 Qd7 30. Qb5 Rd8 31. Qxd7 Rxd7 32. Nxh7 Kxh7 33. Re6 Nc7
34. Rxc7 1-0

[Event "XX Festival A"]
[Site "Arco ITA"]
[Date "1998.10.??"]
[Round "5"]
[White "Heinlein, Reinhold"]
[Black "Tatai, Stefano"]
[Result "1/2-1/2"]
[WhiteElo "2080"]
[BlackElo "2395"]
[PlyCount "39"]
[EventDate "1998.10.24"]

1. d4 Nf6 2. c4 e6 3. Nf3 d5 4. Nc3 Bb4 5. a3 Bxc3+ 6. bxc3 c5 7. Qc2 O-O 8. e3
Nc6 9. Bd3 Qc7 10. O-O Na5 11. Ne5 b6 12. cxd5 exd5 13. f3 cxd4 14. exd4 h6 15.
Bf4 Qd8 16. Rae1 Ne8 17. Rf2 Nd6 18. Rfe2 Qf6 19. Bc1 Bf5 20. Ng4 1/2-1/2

[Event "XX Festival A"]
[Site "Arco ITA"]
[Date "1998.10.??"]
[Round "5"]
[White "Khenkin, Igor"]
[Black "Godena, Michele"]
[Result "1/2-1/2"]
[WhiteElo "2600"]
[BlackElo "2510"]
[PlyCount "72"]
[EventDate "1998.10.24"]

1. d4 d5 2. c4 c6 3. Nf3 Nf6 4. Nc3 e6 5. Bg5 h6 6. Bh4 dxc4 7. e4 g5 8. Bg3 b5
9. Be2 Bb7 10. h4 g4 11. Ne5 h5 12. f3 Nbd7 13. O-O Nxe5 14. Bxe5 Rg8 15. fxg4
Nxg4 16. Bxg4 hxg4 17. Qe1 g3 18. Bxg3 Qxd4+ 19. Kh2 b4 20. Rd1 Qg7 21. Ne2 Be7
22. Qf2 c5 23. Qf4 e5 24. Qf5 Bc8 25. Qxe5 Qxe5 26. Bxe5 Bxh4 27. Ng3 Bxg3+ 28.
Bxg3 Rh8+ 29. Kg1 Be6 30. Rd6 Rd8 31. Rfd1 Rxd6 32. Bxd6 Rh5 33. e5 a5 34. a4
c3 35. bxc3 bxc3 36. Rc1 Rh4 1/2-1/2

[Event "XX Festival A"]
[Site "Arco ITA"]
[Date "1998.10.??"]
[Round "5"]
[White "Lantini, Marco"]
[Black "Luciani, Carlo"]
[Result "0-1"]
[WhiteElo "2145"]
[BlackElo "2240"]
[PlyCount "64"]
[EventDate "1998.10.24"]

1. e4 e5 2. Nf3 Nc6 3. d4 exd4 4. Nxd4 Qf6 5. Nxc6 Bc5 6. Qd2 dxc6 7. Nc3 Be6
8. Na4 Bf8 9. Be2 Qg6 10. O-O Qxe4 11. b3 Nf6 12. Bc4 Bd6 13. Bxe6 fxe6 14. Re1
Qh4 15. Rxe6+ Kf7 16. g3 Qh3 17. Re2 b5 18. Nc3 Ng4 19. Re4 Qxh2+ 20. Kf1 Rhe8
21. Qd4 Rad8 22. Bg5 Be5 23. Qc5 Bxc3 24. Qf5+ Nf6 25. Rh4 Qxh4 26. Bxh4 Bxa1
27. Bxf6 Bxf6 28. Qxh7 Rd5 29. Qh3 Kg8 30. c4 Rd2 31. cxb5 Bd4 32. f4 Rf2+ 0-1